000 00521nam a22001817a 4500
003 DO-SdBNP
005 20171128104641.0
008 171128b sp||||| |||| 00| 0 spa d
020 _a8422602008
040 _aBPMSU
_bspa
_cBPMSU
245 _aLos 25,000 mejores versos de la lengua castellana
246 _aLos veiticinco mil mejores versos de la lengua castellana
260 _aBarcelona
_bVergara
_c1978
300 _a473 p.
_c19 cm
942 _2ddc
_cBK
945 _anventariado extranjero / DG
956 _adgarcia
999 _c13155
_d13155